Quizzes
Events
Quiz Creation
Community
Videos
Private Events
Remove Ads
Sign In
Join for FREE
Feedback
Dark Mode
Quiz Categories
Sports
Geography
Music
Movies
Television
Just For Fun
Miscellaneous
History
Literature
Language
Science
Gaming
Entertainment
Religion
Holiday
For Kids
Quiz Lab
Recent
Popular Today
Quiz Kudos Today
Editor Picks
Curator Picks
Quizzes by...
Day
Popularity
Type
Ratings
Length
Year
Community
Subscriptions
Recent Discussions
Orange Saloon
Badges
Playlists
Quests
Create
Leaderboards
Showdown
Live 5
Trivia Bingo
Activity
Puzzle Library
Sporcle Events
Private Events
Virtual Trivia
Globe League
Become a Host
Pub Owners
SporcleCon
Opinionation
Our Games
Videos
Blog
Mobile Apps
Partnerships
Remove Ads and Go Orange
Feedback
Sports
Athletes
MLB
NBA
NHL
NFL
Soccer
Sports Teams
WWE
NCAA
Football
Premier League
Basketball
Baseball
Hockey
Golf
Tennis
Cricket
Rugby
Auto Racing
Olympics
World Cup
Sports
Athletes
MLB
NBA
NHL
NFL
Soccer
Sports Teams
WWE
NCAA
Football
Premier League
Basketball
Baseball
Hockey
Golf
Tennis
Cricket
Rugby
Auto Racing
Olympics
World Cup
Random Quiz
Search Sporcle
×
Quiz Lab
Quiz Lab
Sports
FBS
Type in answers that appear in a list
Type in answers that appear in a list
Classic
Best Score? Go Orange.
FBS Schools in the Eastern Time Zone Stats
Can you name the FBS Schools in the Eastern Time Zone?
By
StanleyYelnats
4m
51 Questions
336 Plays
336 Plays
336 Plays
Comments
Comments
Give Quiz Kudos
Give Quiz Kudos
-
- Ratings
hide this ad
Replay
Link that replays current quiz
Next Quiz
Link to next quiz in quiz playlist
You Got
0%
They Got
Avg Score
80%
Avg Friend Score
Upgrade to see
Score Distribution
Jump to the score distribution portion of the page
Score
0/51
Timer
04:00
0
Plays Today
School
% Correct
Florida
98.2%
North Carolina
97%
Virginia
96.4%
Florida St
96.1%
Georgia
96.1%
Virginia Tech
94.9%
South Carolina
94%
Georgia Tech
93.2%
Miami
92.9%
North Carolina St
90.8%
Maryland
90.5%
Ohio
89.9%
Cincinnati
89.6%
Syracuse
89%
Duke
88.7%
Boston College
88.4%
Kentucky
88.4%
Clemson
86.6%
Michigan
86.6%
Pittsburgh
86.6%
Penn St
86.3%
Tennessee
85.7%
West Virginia
85.4%
Indiana
83.9%
Ohio State
83.9%
Wake Forest
83.9%
School
% Correct
Michigan St
83.6%
South Florida
83%
Rutgers
81%
Connecticut
78.6%
Louisville
78.3%
Central Florida
76.8%
Florida International
76.5%
Florida Atlantic
74.1%
Buffalo
72.6%
Eastern Michigan
72.6%
Akron
72.3%
Central Michigan
72.3%
Purdue
72.3%
Notre Dame
71.7%
Western Michigan
71.4%
Temple
69.9%
Toledo
67%
Army
66.4%
Navy
64.9%
East Carolina
64.6%
Marshall
63.7%
Miami (OH)
62.5%
Bowling Green
57.4%
Ball St
55.7%
Kent St
53.9%
Quiz Playlist
Details
Report
Send in Message
Add To Playlist
Classic:
Type in answers that appear in a list
Quiz Source
Last Updated: Feb 16, 2017
Quiz Scoreboard
CHALLENGE
Sign Up to Join the Scoreboard
Show All
Scores
Hide
Comments
May contain spoilers
Recently Published
College Basketball Coaching Resumes
by pancakes188
Sports
9m
Billboard Blitz: Fleetwood Mac
by CooCooCachoo
Music
15s
Presidents Visiting Landmarks
by Hejman
History
7m
More to Explore
Quiz From the Vault
Featured Blog Post
Where Did the Easter Bunny Come From?
hide this ad
You Might Also Like...
Tags
Eastern
FBS
school
Zone
Today's Top Quizzes in Sports
Browse Sports
hide this ad
Today's Top Quizzes in FBS
Browse FBS
Top Contributed Quizzes in Sports
1
Les meilleurs buteurs des matchs entre le PSG et l’OM
2
2022 World Cup Stars
3
FIFA Club World Cup Champions
4
Les entraîneurs de l'OM et du PSG au 21e siècle
5
Criteria MLB: Left Handed Sluggers
6
AFC Teams Reveal (Wrong Answers Minefield)
7
5-to-1: UK Sports Teams
8
Name the Premier League winners with different clubs
9
5-to-1: FBS Animal Nicknames
10
Players with Multiple 50 Home Run Seasons
Explore More
Trending Topics
Disney
Anime
Kpop
NBA
Harry Potter
Marvel
Crossword
Song
Soccer
Puzzle
WWE
NFL
Pokémon
The Office
Country
hide this ad
More By:
StanleyYelnats
Quiz
Plays
Rating
Category
Featured
Created
FBS Schools in the Central Time Zone
360
4.00
Sports
Oct 29, 2010
FBS Schools in the Eastern Time Zone
336
4.25
Sports
Oct 29, 2010
FBS Schools in the Mountain Time Zone
308
4.60
Sports
Oct 29, 2010
Go to Creator's Profile
Score Distribution
Quiz Creator Spotlight
StanleyYelnats
Follow
Send a Message
Quizzes Created
-
Created Quiz Play Count
-
More By This Creator
Popular Quizzes Today
1
Find the US States - No Outlines Minefield
2
Find the Countries of Europe - No Outlines Minefield
3
The Countries of the World
4
Find the US States
5
Risky Map Clicking: Biggest States A-Z
6
US States
7
Popular People in 1961
8
Movies - When Are They Set?
More Sports Quizzes
Canadian Profesional Sport Teams
Curator's Pick
Trending Quizzes
Risky Map Clicking: Least Populous States A-Z
1-10 Letter G Words
1-10 Letter F Words
Risky Map Clicking: Next State Alphabetically
Click the Washington State Counties! (Map)
Recently Updated
Leaping Animals
pecheneg
Reality TV Shows (A-Z)
bhenderson79
Rickey Henderson's Hall of Fame Teammates
pecheneg
Champions League XIs: Arsenal
pecheneg
Quick Pick: Celebrities in WWE's Hall of Fame
aduchscher
A-Z Keypad Blitz II
pecheneg
Multiple Oscar Actors
pecheneg
Mystery Phrase Blitz: Oscar 'Best Actors'
pecheneg
F. Scott Fitzgerald Novels
LTH
Pick 3 Villains
ddd62291
Trending Topics
Harry Potter
NBA
Kpop
Crossword
Marvel
Anime
Disney
The Office
Pokémon
Puzzle
WWE
NFL
Soccer
Country
Song
Your Account Isn't Verified!
In order to create a playlist on Sporcle, you need to verify the email address you used during registration. Go to your
Sporcle Settings
to finish the process.
Report this User
Report this user for behavior that violates our
Community Guidelines
.
Details:
Send Report
Go to the Sporcle.com Mobile Site →
Comments